00868nam a22002057a 4500003000900000005001700009008004100026040001300067100005500080245001500135250000600150260004000156300001900196490002300215520019500238942001200433999001700445952010000462952010000562IT-RoPau20220918181102.0130320b xxu||||| |||| 00| 0 eng d cIT-RoPau aCapitulo General Especial de la SSP 1969-19719472 aDocumentos aI aMadridbCasa Generalizia PSSPc1971 a423 pp.c21 cm aEdiciones Paulinas aIndice General Siglas Sumario general Fin y Miembros (Nuestra identidad paulina) Nuestra vida apostolica La comunidad paulina Formacion integral Gobierno y administracion Indice analitico 2ddccBK c98256d98256 00102ddc406P_C471aPAULUSbPAULUSd2013-03-20l0oP C4r2013-03-20 00:00:00w2013-03-20yBK 00102ddc406P_C571aPAULUSbPAULUSd2014-03-08l0oP C5r2014-03-08 00:00:00w2014-03-08yBK